Republican Candidates in the 2016 Primary - Statistics

General Stats
  • This quiz has been taken 46 times
  • The average score is 7 of 11
Answer Stats
Most recent position Candidate % Correct
Businessman Donald Trump
93%
US Senator from Texas Ted Cruz
93%
Governor of Florida Jeb Bush
74%
US Senator from Florida Marco Rubio
71%
Neurosurgeon Ben Carson
69%
US Senator from Kentucky Rand Paul
64%
Governor of New Jersey Chris Christie
62%
Governor of Ohio John Kasich
45%
Governor of Arkansas Mike Huckabee
38%
Businesswoman Carly Fiorina
31%
Governor of Virginia Jim Gilmore
12%
No matching quizzes found
Score Distribution
Percent of People with Each Score
Percentile by Number Answered
Your Score History
You have not taken this quiz